Arqueología submarina en la República Dominicana / (Registro nro. 40113)
[ vista simple ]
| 000 -CABECERA | |
|---|---|
| campo de control de longitud fija | 00809nam a2200217 a 4500 |
| 001 - NÚMERO DE CONTROL | |
| campo de control | 000040623 |
| 003 - IDENTIFICADOR DEL NÚMERO DE CONTROL | |
| campo de control | DO-SdBNP |
| 005 - FECHA Y HORA DE LA ÚLTIMA TRANSACCIÓN | |
| campo de control | 20240305123709.0 |
| 008 - DATOS DE LONGITUD FIJA--INFORMACIÓN GENERAL | |
| campo de control de longitud fija | 130904s1983 dr a r 000 0 spa d |
| 040 ## - FUENTE DE LA CATALOGACIÓN | |
| Centro catalogador/agencia de origen | DO-SdBNP |
| Lengua de catalogación | spa |
| Centro/agencia transcriptor | BNPHU |
| 082 #4 - NÚMERO DE LA CLASIFICACIÓN DECIMAL DEWEY | |
| Número de clasificación | 972.9301 |
| Número de documento/Ítem | B737a |
| Número de edición | 22 |
| 100 1# - ENTRADA PRINCIPAL--NOMBRE DE PERSONA | |
| Nombre de persona | Borrell B., Pedro J., |
| Fechas asociadas al nombre | 1944- |
| 9 (RLIN) | 66970 |
| 245 10 - MENCIÓN DE TÍTULO | |
| Título | Arqueología submarina en la República Dominicana / |
| Mención de responsabilidad, etc. | Pedro J. Borrell B. |
| 260 ## - PUBLICACIÓN, DISTRIBUCIÓN, ETC. | |
| Lugar de publicación, distribución, etc. | Santo Domingo : |
| Nombre del editor, distribuidor, etc. | Museo de las casas reales; |
| -- | Comisión de Rescate Arqueologíco Submarino ; |
| -- | Grupo de investigaciones submarinas, |
| Fecha de publicación, distribución, etc. | 1983. |
| 300 ## - DESCRIPCIÓN FÍSICA | |
| Extensión | 140 p. : |
| Otras características físicas | il. ; |
| Dimensiones | 19 cm. |
| 650 #4 - PUNTO DE ACCESO ADICIONAL DE MATERIA--TÉRMINO DE MATERIA | |
| Término de materia o nombre geográfico como elemento de entrada | Arqueología subacuática |
| 9 (RLIN) | 66971 |
| 650 #4 - PUNTO DE ACCESO ADICIONAL DE MATERIA--TÉRMINO DE MATERIA | |
| Término de materia o nombre geográfico como elemento de entrada | Naufragios |
| 9 (RLIN) | 66972 |
| 651 #4 - PUNTO DE ACCESO ADICIONAL DE MATERIA--NOMBRE GEOGRÁFICO | |
| Nombre geográfico | Repúbllica Dominicana |
| Subdivisión general | Antigüedades |
| 9 (RLIN) | 66973 |
| 910 ## - DATOS DE OPCIÓN DEL USUARIO (OCLC) | |
| Datos de opción del usuario | Validado. Control de calidad. MFF |
| 942 ## - ELEMENTOS DE PUNTO DE ACCESO ADICIONAL (KOHA) | |
| Fuente del sistema de clasificación o colocación | Dewey Decimal Classification |
| Tipo de ítem Koha | Libro |
| Estado de retiro | Estado de pérdida | Fuente del sistema de clasificación o colocación | Restricciones de uso | No para préstamo | Código de colección | Localización permanente | Ubicación/localización actual | Ubicación en estantería | Fecha de adquisición | Número de inventario | Signatura topográfica completa | Código de barras | Fecha visto por última vez | Precio válido a partir de | Tipo de ítem Koha | Número de copia |
|---|---|---|---|---|---|---|---|---|---|---|---|---|---|---|---|---|
| Dewey Decimal Classification | Excluido de préstamo | Patrimonio Dominicano | Biblioteca Nacional Pedro Henríquez Ureña | Biblioteca Nacional Pedro Henríquez Ureña | Depósito | 04.09.2013 | LF1 | BNPHU PD 972.9301 B737a | 40623-10 | 25.06.2020 | 25.06.2020 | Libro | ||||
| Dewey Decimal Classification | Excluido de préstamo | Dominicana de Servicio | Biblioteca Nacional Pedro Henríquez Ureña | Biblioteca Nacional Pedro Henríquez Ureña | Depósito | 15.10.2018 | LF1 | BNPHU PD 972.9301 B737a | 40623-20 | 25.06.2020 | 25.06.2020 | Libro | e. 2 | |||
| Dewey Decimal Classification | Préstamo en sala | Dominicana de Servicio | Biblioteca Nacional Pedro Henríquez Ureña | Biblioteca Nacional Pedro Henríquez Ureña | 31.05.2023 | BNPHU DS 972.9301 B737a | 40623-30 | 31.05.2023 | 31.05.2023 | Libro | e.3 |
